000 00327 a2200145 4500
001 60849
020 _a
040 _cAnchieta - Pituba
240 1 0 _aStudying in Germany
_leng
245 1 0 _aStudying in Germany
300 _a72
362 0 _a2006
650 4 _aLínguas germânicas (teutônicas) língua alemã
942 _cBK
999 _c60849
_d60849